History Quiz

Random History or Country Quiz

Countries that have had Female Leaders Quiz Stats

 Plays Quiz not verified by Sporcle

Support Sporcle.
Go Orange.
Score 0/47 Timer 06:00
0 Plays Today
Continent/region Country % Correct
South AmericaArgentina
85.5%
South AmericaBrazil
76.9%
North AmericaCanada
75.9%
AustraliaAustralia
72.5%
AsiaIndia
71.5%
South AmericaChile
66.9%
EuropeFinland
62.9%
EuropeNorway
61.4%
OceaniaNew Zealand
61.2%
AsiaPakistan
60.4%
EuropeUnited Kingdom
59.8%
EuropeIreland
58%
EuropeIceland
56.4%
EuropeFrance
53.8%
South AmericaPeru
50.4%
EuropeNetherlands
49%
EuropeSwitzerland
47.4%
AsiaIsrael
46.8%
North AmericaJamaica
46%
EuropePortugal
45.8%
North AmericaCosta Rica
44.8%
EuropePoland
43.8%
EuropeLithuania
43%
EuropeLatvia
42.8%
Continent/region Country % Correct
EuropeUkraine
41.4%
North AmericaPanama
40.4%
AsiaPhilippines
40.2%
AsiaBangladesh
40%
AsiaSri Lanka
39.8%
AsiaSouth Korea
39.6%
AfricaLiberia
38.6%
North AmericaNicaragua
38%
AsiaIndonesia
37.3%
AsiaTurkey
36.1%
North AmericaDominica
35.5%
South AmericaGuyana
35.1%
North AmericaHaiti
32.9%
EuropeMalta
27.7%
North AmericaTrinidad and Tobago
27.3%
AfricaRwanda
18.5%
EuropeMoldova
17.1%
AfricaSenegal
16.1%
AfricaMozambique
16.1%
AsiaKyrgyzstan
15.1%
EuropeBosnia and Herzegovina
13.5%
AfricaCentral African Republic
5.8%
AfricaSao Tome and Principe
4.8%

You're not logged in!

Compare scores with friends on all Sporcle quizzes.
OR
Log In

From the Vault

25 Facts About James Madison

by beforever

You may find that you know more about our fourth president than you thought.
Remove Ads.
Support Sporcle.
Get the best of Sporcle when you Go Orange. This ad-free experience offers more features, more stats, and more fun while also helping to support Sporcle. Thank you for becoming a member.

Show Comments

Extras

Top Quizzes Today


Score Distribution

Your Account Isn't Verified!

In order to create a playlist on Sporcle, you need to verify the email address you used during registration. Go to your Sporcle Settings to finish the process.

Report this User

Report this user for behavior that violates our Community Guidelines.

Details: